Things That Start With 'C' - Statistics

General Stats
  • This quiz has been taken 77 times
  • The average score is 13 of 16
Answer Stats
Picture Answer % Correct
Cat
100%
Cheese
97%
Clown
96%
Cliffs
94%
Clouds
94%
Cabbage
93%
Crab
93%
Camera
90%
Chili
90%
Clover
90%
Catcher
85%
Catapult
72%
Closet
69%
Cleaver
53%
Court
40%
Cornflower
10%
No matching quizzes found
Score Distribution
Percent of People with Each Score
Percentile by Number Answered
Your Score History
You have not taken this quiz